Flags of South American Capital Cities - Statistics

General Stats
  • This quiz has been taken 57 times
  • The average score is 7 of 12
Answer Stats
Picture Answer % Correct
Brasília
81%
Lima
71%
Buenos Aires
65%
Quito
65%
Montevideo
61%
Asunción
58%
Bogotá
58%
Santiago
58%
Caracas
55%
Georgetown
52%
Sucre
52%
La Paz
48%
No matching quizzes found
Score Distribution
Percent of People with Each Score
Percentile by Number Answered
Your Score History
You have not taken this quiz